[Event "Saint Louis Spring-B"]
[Site "Saint Louis"]
[Date "2023.04.13"]
[Round "9"]
[White "Daggupati, Balaji"]
[Black "Kantor, Gergely"]
[Result "1/2-1/2"]
[WhiteElo "2505"]
[BlackElo "2532"]
[PlyCount "80"]
[EventDate "2023.04.05"]
[EventType "tourn"]
[EventRounds "9"]
[EventCountry "USA"]
[EventCategory "11"]
[SourceTitle "CBM 213 Extra"]
[Source "ChessBase"]
[SourceDate "2023.05.31"]
[SourceVersion "1"]
[SourceVersionDate "2023.05.31"]
[SourceQuality "1"]

1. e4 e5 2. Nf3 Nc6 3. Bb5 a6 4. Ba4 Nf6 5. 0-0 Be7 6. Re1 b5 7. Bb3 0-0 8. a4 b4 9. d4 d6 10. dxe5 dxe5 11. Nbd2 Bc5 12. h3 h6 13. Qe2 Qe7 14. a5 Be6 15. Bxe6 Qxe6 16. Qc4 Qxc4 17. Nxc4 Rfe8 18. Be3 Bxe3 19. Rxe3 Rab8 20. Ra4 Rb5 21. Ne1 Rd8 22. f3 Rd4 23. b3 Ne8 24. Rd3 Nd6 25. Rxd4 Nxd4 26. Ne3 Ne2+ 27. Kf2 Nc3 28. Ra1 h5 29. Nd3 h4 30. g3 hxg3+ 31. Kxg3 f6 32. Kf2 Kf7 33. Rg1 g6 34. h4 Ne8 35. Ng4 Nd6 36. Ne3 Ne8 37. Ng4 Kf8 38. Nh6 Kg7 39. Nf5+ Kf7 40. Nh6+ Kg7 1/2-1/2

[Event "Saint Louis Spring-B"]
[Site "Saint Louis"]
[Date "2023.04.12"]
[Round "8"]
[White "Ghazarian, Kirk Vagho"]
[Black "Daggupati, Balaji"]
[Result "1/2-1/2"]
[WhiteElo "2475"]
[BlackElo "2505"]
[PlyCount "35"]
[EventDate "2023.04.05"]
[EventType "tourn"]
[EventRounds "9"]
[EventCountry "USA"]
[EventCategory "11"]
[SourceTitle "CBM 213 Extra"]
[Source "ChessBase"]
[SourceDate "2023.05.31"]
[SourceVersion "1"]
[SourceVersionDate "2023.05.31"]
[SourceQuality "1"]

1. d4 d5 2. c4 c6 3. cxd5 cxd5 4. Bg5 f6 5. Bd2 Nc6 6. Nc3 Bf5 7. e4 dxe4 8. d5 Ne5 9. Qb3 Kf7 10. f4 exf3 11. Nxf3 Nxf3+ 12. gxf3 Qb6 13. Nb5 a6 14. Be3 Qa5+ 15. Bd2 Qb6 16. Be3 Qa5+ 17. Bd2 Qb6 18. Be3 1/2-1/2

[Event "Saint Louis Spring-B"]
[Site "Saint Louis"]
[Date "2023.04.11"]
[Round "7"]
[White "Daggupati, Balaji"]
[Black "Budisavljevic, Luka"]
[Result "1-0"]
[WhiteElo "2505"]
[BlackElo "2488"]
[PlyCount "107"]
[EventDate "2023.04.05"]
[EventType "tourn"]
[EventRounds "9"]
[EventCountry "USA"]
[EventCategory "11"]
[SourceTitle "CBM 213 Extra"]
[Source "ChessBase"]
[SourceDate "2023.05.31"]
[SourceVersion "1"]
[SourceVersionDate "2023.05.31"]
[SourceQuality "1"]

1. e4 e6 2. d4 d5 3. Nc3 Nf6 4. e5 Nfd7 5. f4 c5 6. Nf3 Nc6 7. Be3 a6 8. Ne2 Be7 9. c3 0-0 10. dxc5 Nxc5 11. Ng3 a5 12. a4 b6 13. Be2 g6 14. h4 h5 15. Ng5 Kg7 16. Bxh5 Bxg5 17. hxg5 Rh8 18. Be2 Rxh1+ 19. Nxh1 Qh8 20. Nf2 Qh2 21. Kf1 Bb7 22. Ng4 Qh1+ 23. Kf2 Qh4+ 24. Kg1 Ne4 25. Bf3 Ng3 26. Nf2 Nf5 27. Qd2 Rh8 28. Nh3 Nxe3 29. Qxe3 Qg3 30. Qxb6 Ne7 31. Qf2 Rxh3 32. Qxg3 Rxg3 33. Kf2 Rxf3+ 34. gxf3 Kf8 35. Ra3 Bc6 36. b4 Ke8 37. bxa5 Kd7 38. a6 Kc7 39. Rb3 Ba8 40. Rb1 d4 41. cxd4 Nd5 42. a7 Bb7 43. a5 Kc6 44. a6 Ba8 45. Rb8 Nc7 46. Rf8 Kb6 47. Rxf7 Nd5 48. Rf6 Kxa7 49. Kg3 Ne3 50. Rxe6 Nf5+ 51. Kf2 Nxd4 52. Rxg6 Nxf3 53. e6 Nh4 54. e7 1-0

[Event "Saint Louis Super Swiss"]
[Site "Saint Louis"]
[Date "2023.03.14"]
[Round "5"]
[White "Swiercz, Dariusz"]
[Black "Daggupati, Balaji"]
[Result "1-0"]
[WhiteElo "2646"]
[BlackElo "2513"]
[PlyCount "73"]
[EventDate "2023.03.12"]
[EventType "swiss"]
[EventRounds "9"]
[EventCountry "USA"]
[SourceTitle "CBM 213 Extra"]
[Source "ChessBase"]
[SourceDate "2023.05.31"]
[SourceVersion "1"]
[SourceVersionDate "2023.05.31"]
[SourceQuality "1"]

1. e4 c5 2. Nf3 Nc6 3. Bb5 e6 4. 0-0 Nge7 5. Re1 b6 6. c3 a6 7. Bf1 d5 8. e5 d4 9. d3 Bb7 10. Nbd2 Ng6 11. g3 Qd5 12. c4 Qd7 13. Qe2 0-0-0 14. h4 Be7 15. h5 Nf8 16. Ne4 h6 17. Bg2 g6 18. a3 gxh5 19. b4 cxb4 20. axb4 Nxb4 21. Ba3 a5 22. Reb1 Qc7 23. Nd6+ Bxd6 24. exd6 Qb8 25. Bxb4 axb4 26. Ne5 Bxg2 27. Kxg2 Qb7+ 28. Qe4 Qxe4+ 29. dxe4 Nd7 30. Nxf7 Kb7 31. Nxh8 Rxh8 32. f4 Nc5 33. Rxb4 Nxe4 34. Rab1 Nxd6 35. c5 Nf5 36. Rxb6+ Kc7 37. Ra1 1-0

[Event "Airthings Masters Play In"]
[Site "Chess.com INT"]
[Date "2023.02.03"]
[Round "8"]
[White "Daggupati, Balaji"]
[Black "Suleymanli, Aydin Elshan"]
[Result "0-1"]
[WhiteElo "2507"]
[BlackElo "2552"]
[PlyCount "82"]
[EventDate "2023.02.03"]
[EventType "swiss (rapid)"]
[EventRounds "9"]
[EventCountry "USA"]
[SourceTitle "CBM 212 Extra"]
[Source "ChessBase"]
[SourceDate "2023.03.31"]
[SourceVersion "1"]
[SourceVersionDate "2023.03.31"]
[SourceQuality "1"]

1. e4 e5 2. Nf3 Nc6 3. Bb5 a6 4. Ba4 Nf6 5. d4 exd4 6. 0-0 Be7 7. e5 Ne4 8. Nxd4 Nc5 9. Nf5 g6 10. Nxe7 Qxe7 11. Bxc6 dxc6 12. Bh6 Rg8 13. Nc3 Bf5 14. Qc1 g5 15. f4 Ne6 16. fxg5 Qc5+ 17. Kh1 Bg6 18. Qd2 Qd4 19. Qe2 0-0-0 20. Rae1 Qb4 21. Ne4 Qxb2 22. Nf6 Rh8 23. h4 Rd4 24. h5 Bxc2 25. Rf2 Qb4 26. Rc1 Bd3 27. Qe3 Rhd8 28. Kh2 Bb5 29. Qg3 Rh4+ 30. Kg1 Nf4 31. g6 Nxh5 32. Nxh5 hxg6 33. Bg5 Rg4 34. Qe3 Rd3 35. Qe1 Qxe1+ 36. Rxe1 Rxg5 37. Ng7 Bc4 38. e6 fxe6 39. Rf8+ Rd8 40. Rf2 e5 41. Rc2 Bd5 0-1

[Event "Airthings Masters Play In"]
[Site "Chess.com INT"]
[Date "2023.02.03"]
[Round "1"]
[White "Kobo, Ori"]
[Black "Daggupati, Balaji"]
[Result "1-0"]
[WhiteElo "2548"]
[BlackElo "2507"]
[PlyCount "127"]
[EventDate "2023.02.03"]
[EventType "swiss (rapid)"]
[EventRounds "9"]
[EventCountry "USA"]
[SourceTitle "CBM 212 Extra"]
[Source "ChessBase"]
[SourceDate "2023.03.31"]
[SourceVersion "1"]
[SourceVersionDate "2023.03.31"]
[SourceQuality "1"]

1. e4 c5 2. Nc3 Nc6 3. Bb5 Nd4 4. Nf3 e6 5. 0-0 a6 6. Bd3 Nc6 7. b3 g5 8. Bb2 Bg7 9. Na4 Bxb2 10. Nxb2 d6 11. Qe2 e5 12. Qe3 h6 13. c3 Nge7 14. Bc2 Ng6 15. h3 g4 16. hxg4 Bxg4 17. a4 Qf6 18. Nh2 Be6 19. Nc4 0-0-0 20. Nb6+ Kb8 21. b4 cxb4 22. Nd5 Bxd5 23. exd5 Nce7 24. cxb4 Nxd5 25. Qb3 Ndf4 26. b5 a5 27. Qe3 d5 28. Bxg6 Nxg6 29. Rac1 Rc8 30. b6 h5 31. Rc7 d4 32. Qe4 Rxc7 33. bxc7+ Kxc7 34. Rc1+ Kb8 35. Rb1 Qe7 36. Nf3 Rc8 37. d3 Ka7 38. Nd2 h4 39. Nc4 Rc5 40. Nd6 b6 41. Nc4 Rxc4 42. dxc4 Nf4 43. Qc6 Qb7 44. Qxb7+ Kxb7 45. c5 Kc6 46. cxb6 Kb7 47. Kf1 f6 48. g3 hxg3 49. fxg3 Nd5 50. Rb5 Nxb6 51. Rxa5 Kc6 52. Ke2 Nd5 53. Ra8 e4 54. Rc8+ Kd6 55. Rd8+ Kc5 56. a5 Nc3+ 57. Kd2 e3+ 58. Kd3 Nb5 59. Rc8+ Kd6 60. a6 Kd7 61. Rb8 e2 62. Kxe2 Nc3+ 63. Kd3 Kc7 64. a7 1-0

[Event "Airthings Masters Play In"]
[Site "Chess.com INT"]
[Date "2023.02.03"]
[Round "3"]
[White "Sarana, Alexey"]
[Black "Daggupati, Balaji"]
[Result "1-0"]
[WhiteElo "2668"]
[BlackElo "2507"]
[PlyCount "117"]
[EventDate "2023.02.03"]
[EventType "swiss (rapid)"]
[EventRounds "9"]
[EventCountry "USA"]
[SourceTitle "CBM 212 Extra"]
[Source "ChessBase"]
[SourceDate "2023.03.31"]
[SourceVersion "1"]
[SourceVersionDate "2023.03.31"]
[SourceQuality "1"]

1. d4 d5 2. c4 c6 3. Nf3 Nf6 4. Nc3 e6 5. e3 Nbd7 6. Bd3 dxc4 7. Bxc4 b5 8. Bd3 a6 9. e4 c5 10. d5 Qc7 11. 0-0 Bb7 12. dxe6 fxe6 13. Qe2 Be7 14. Ng5 Qc6 15. f4 h6 16. e5 hxg5 17. exf6 Bxf6 18. Be4 Qb6 19. Bxb7 Qxb7 20. Qxe6+ Kd8 21. fxg5 Bd4+ 22. Kh1 Re8 23. Qg4 b4 24. Nd1 Ne5 25. Qg3 Qb5 26. Ne3 Kc7 27. Bd2 Rf8 28. Nd5+ Kb7 29. Nf4 Bxb2 30. Rae1 Bd4 31. h3 Rae8 32. Bc1 a5 33. Rd1 a4 34. Rfe1 Bc3 35. Re4 Rd8 36. Rg1 Rfe8 37. Nh5 Bd4 38. Be3 Nd3 39. Rxe8 Qxe8 40. Bxd4 Rxd4 41. Nxg7 Qf7 42. g6 Qxg7 43. Rf1 Rd7 44. h4 b3 45. Qg4 Qd4 46. Qf3+ Ka7 47. axb3 Qxh4+ 48. Kg1 Qd4+ 49. Kh1 axb3 50. Qc6 Qh4+ 51. Kg1 Qd4+ 52. Kh1 b2 53. Qb5 Qh4+ 54. Kg1 Qd4+ 55. Kh1 Nf2+ 56. Kh2 Ng4+ 57. Kg3 Qe3+ 58. Rf3 Qe5+ 59. Kh4 1-0

[Event "Titled Tuesday intern op 22nd Nov Late"]
[Site "Chess.com INT"]
[Date "2022.11.22"]
[Round "6"]
[White "Daggupati, Balaji"]
[Black "Corrales Jimenez, Fidel"]
[Result "1-0"]
[WhiteElo "2507"]
[BlackElo "2525"]
[PlyCount "61"]
[EventDate "2022.11.22"]
[EventType "swiss (blitz)"]
[EventRounds "11"]
[EventCountry "USA"]
[SourceTitle "CBM 211 Extra"]
[Source "ChessBase"]
[SourceDate "2023.01.31"]
[SourceVersion "1"]
[SourceVersionDate "2023.01.31"]
[SourceQuality "1"]

1. e4 c5 2. Nf3 d6 3. d4 cxd4 4. Nxd4 Nf6 5. Nc3 a6 6. Qe2 e5 7. Nf5 d5 8. Bg5 d4 9. 0-0-0 Be6 10. Nd5 Nbd7 11. f4 Qa5 12. fxe5 Nxd5 13. exd5 Bxf5 14. e6 Qxa2 15. e7 f6 16. exf8Q+ Kxf8 17. Bf4 Re8 18. Bd6+ Kf7 19. Qf3 Qa1+ 20. Kd2 Qa5+ 21. Kc1 Re1 22. Bc4 Rhe8 23. Rhxe1 Rxe1 24. Ba3 Be4 25. Qh5+ g6 26. d6+ Bd5 27. Qxd5+ Qxd5 28. Bxd5+ Kg7 29. Rxe1 Ne5 30. Rxe5 fxe5 31. d7 1-0

[Event "Titled Tuesday intern op 22nd Nov Late"]
[Site "Chess.com INT"]
[Date "2022.11.22"]
[Round "1"]
[White "Grot, Blazej"]
[Black "Daggupati, Balaji"]
[Result "1/2-1/2"]
[WhiteElo "1839"]
[BlackElo "2507"]
[PlyCount "119"]
[EventDate "2022.11.22"]
[EventType "swiss (blitz)"]
[EventRounds "11"]
[EventCountry "USA"]
[SourceTitle "CBM 211 Extra"]
[Source "ChessBase"]
[SourceDate "2023.01.31"]
[SourceVersion "1"]
[SourceVersionDate "2023.01.31"]
[SourceQuality "1"]

1. e4 c5 2. Nc3 Nc6 3. Bb5 Nd4 4. Nf3 e6 5. Nxd4 cxd4 6. Ne2 g6 7. 0-0 Bg7 8. d3 Ne7 9. Bc4 0-0 10. Bb3 d5 11. f4 dxe4 12. dxe4 b6 13. Bc4 Bb7 14. Bd3 Rc8 15. Qe1 f5 16. exf5 exf5 17. Qf2 Re8 18. Bd2 Nd5 19. Nxd4 Nxf4 20. Qxf4 Qxd4+ 21. Kh1 Qxf4 22. Bxf4 Bxb2 23. Rae1 Bc3 24. Rxe8+ Rxe8 25. Kg1 Bd4+ 26. Kh1 Kg7 27. h3 Bd5 28. a4 h6 29. Bb5 Re4 30. Bb8 a5 31. Rd1 Be5 32. Bxe5+ Rxe5 33. c4 Be4 34. Rd7+ Kf8 35. Rd6 f4 36. Rxb6 Rg5 37. Bc6 Bc2 38. Bd5 Rf5 39. Rxg6 Rxd5 40. Rf6+ Ke7 41. Rxf4 Rd1+ 42. Kh2 Bxa4 43. Rh4 Rd6 44. c5 Rc6 45. Rxa4 Rxc5 46. Kg3 Kd6 47. Kf4 Kc6 48. g4 Kb5 49. Ra1 a4 50. h4 Rc4+ 51. Kf5 Kb4 52. g5 hxg5 53. hxg5 Kb3 54. g6 Kb2 55. Rxa4 Rxa4 56. g7 Ra8 57. Kf6 Kc3 58. Kf7 Kd4 59. g8Q Rxg8 60. Kxg8 1/2-1/2

[Event "Speed Chess Q2"]
[Site "Chess.com INT"]
[Date "2022.11.12"]
[Round "8"]
[White "Daggupati, Balaji"]
[Black "Sadovsky, Artem"]
[Result "0-1"]
[WhiteElo "2507"]
[BlackElo "2276"]
[PlyCount "60"]
[EventDate "2022.11.12"]
[EventType "swiss (blitz)"]
[EventRounds "14"]
[EventCountry "USA"]
[SourceTitle "CBM 211 Extra"]
[Source "ChessBase"]
[SourceDate "2023.01.31"]
[SourceVersion "1"]
[SourceVersionDate "2023.01.31"]
[SourceQuality "1"]

1. e4 g6 2. d4 Bg7 3. Nc3 c6 4. Bc4 d5 5. exd5 b5 6. Bb3 b4 7. Na4 cxd5 8. a3 bxa3 9. Rxa3 Nf6 10. Nf3 0-0 11. 0-0 Nc6 12. c3 a5 13. Nc5 Bg4 14. h3 Bxf3 15. Qxf3 e6 16. Bg5 Ra7 17. Ba4 Rc7 18. Rb3 h6 19. Bh4 g5 20. Bg3 Rc8 21. Nb7 Qd7 22. Nxa5 Nxd4 23. cxd4 Qxa4 24. Be5 Ne4 25. Nb7 Nd2 26. Qe2 Qxb3 27. Nd6 Nxf1 28. Bxg7 Rc1 29. Qe5 Ng3+ 30. Kh2 Rh1# 0-1